Viola - Instrument Quiz - Statistics

General Stats
  • This quiz has been taken 137 times
  • The average score is 6 of 14
Answer Stats
Hint Answer % Correct
How many strings are found on a viola? Four
97%
What type of instrument is the viola? String Instrument
96%
What unusual clef does the viola primarily use? Alto clef
82%
What is the name for people who play the viola? Violists
46%
Violas are typically tuned at what interval from a cello? Octave
41%
In what intervals are violas tuned? Fifths
35%
Which family of instruments does the viola belong to? Violin
35%
G3
29%
A4
28%
D4
28%
What are the pitches of the strings? C3
27%
What is the name of the famous English-born Australian viola maker? Arthur Edward Smith
4%
In early orchestral music, violas were primarily used for which part? Harmonies
3%
Which song by the Beatles features the viola? Hello, Goodbye
3%
No matching quizzes found
Score Distribution
Percent of People with Each Score
Percentile by Number Answered
Your Score History
You have not taken this quiz